01926nam a2200325 a 4500001001000000003000900010005001700019008004100036020001500077040002200092082002200114245007200136260003300208300003600241505083100277650003901108650002701147700002801174700003601202700004001238700003301278700004301311700004401354700003501398700004501433700003401478700003001512700002401542700003401566000011500DO-SdBNP20210817083458.0091019t2005 dr ac 001 j spa d z9993483285 aBPMSUbspacBPMSU 4aRD863.4408bB846a00aBreve antología del cuento dominicano /cJuan Bosch ... [et al.]. aSanto Domingo :bABC,c2005. a142 p. :bil., retrs. ;c22 cm.0 tLa mujer /rJuan Bosch --tLa noche buena de Encarnación Mendoza /rJuan Bosch --tLos amos /rJuan Bosch --tEl diablo ronda en los guayacanes /rSócrates Nolasco --tEn busca del enganche /rRamón Marrero Aristy --tLa ventana /rHilma Contreras --tLa enemiga /rVirgilio Díaz Grullón --tRatones /rVirgilio Díaz Grullón --tEl gato /rArmando Almánzar Rodríguez --tLa fértil agonía del amor /rMarcio Véloz Maggiolo --tAhora que vuelvo, Ton /rRené del Risco Bermúdez --tDelicatessen /rMiguel Afonseca --tEnvidia /rJeannette Miller --tLos muchachos del Memphis /rPedro Peix --tMasticar una rosa /rÁngela Hernández --gApéndices :tApuntes sobre el arte de escribir cuentos /rJuan Bosch --tApuntes sobre la cuentística de Virgilio Díaz Grullón /rÁngela Hernández -- 4aCuentos dominicanos xColecciones  4aLiteratura dominicana 1 aBosch, Juan,d1909-20011 aNolasco, Sócrates,d1884-19801 aMarrero Aristy, Ramón,d1913-19591 aContreras, Hilma,d1913-20061 aDíaz Grullón, Virgilio,d1924-20011 aAlmánzar Rodríguez, Armando,d1935-1 aVeloz Maggiolo, Marcio,d1936-1 aRisco Bermúdez, René del,d1937-19721 aAlfonseca, Miguel,d1942-19941 aMiller, Jeannette,d1944-1 aPeix, Pedro,d1952-1 aHernández, Ángela,d1954-